LEADER 01184nam a2200265 i 4500 001 000000107201 003 CaOOAMICUS 005 20070926120059.0 008 070926s1995 it 000 u ita c 020 $a88-7166-204-0 040 $aPUG$bita$dPUL$dLDB 100 1 $aChiavacci, Enrico,$csac.,$d1926-$0(OLS)http://pul/name/6408 245 10$aEtica e riproduzione :$bun teologo e un demografo a confronto /$cEnrico Chiavacci, Massimo Livi Bacci. 260 $aFirenze :$bLe Lettere,$c1995. 300 $a110 p. :$bprosp. ;$c22 cm 490 1 $aContrappunto ;$v001 650 14$aSesso$xAspetti morali e religiosi.$0(OLS)http://pul/subject/6711 700 1 $aLivi Bacci, Massimo.$0(OLS)http://pul/name/65826 830 0$aContrappunto ;$v001.$0(OLS)http://pul/title/56880 850 $aPUL 852 $aPUL$W1$xSL Religione 1$y3$m38 A 47$j121781$qStampati$B120771$CPULBib$Z2$F120771 $H72873 $82 941 1 $a8 996 $6020$a88-7166-204-0$9(OLS)http://pul/number/135720 996 $6245$aEtica e riproduzione :$bun teologo e un demografo a confronto$9(OLS)http://pul/title/134989 996 $6260$aFirenze :$bLe Lettere$9(OLS)http://pul/publisher/60356 LEADER 01100nam a2200277 u 4500 001 000000083524 003 CaOOAMICUS 005 20070226123959.0 008 050517s2005 nyu u000 u eng u 020 $a0-415-70082-5 035 $a11045662 040 $aPUL$bita 100 1 $aGlinert, Lewis.$0(OLS)http://pul/name/55240 245 10$aModern Hebrew :$ban essential grammar /$cLewis Glinert. 250 $a3rd ed. 260 $aNew York :$bRoutledge,$c2005. 300 $axx, 300 p. ;$c23 cm 490 1 $aRoutledge essential grammars 650 4$aLingua ebraica$xGrammatica.$0(OLS)http://pul/subject/25211 830 0$aEssential grammar.$0(OLS)http://pul/title/108857 850 $aPUL 852 $aPUL$W1$xSL Cons. Gen., Altre Classi 3$y75$m492. 45 GLILE 1$j106270$nBK-PRI$b $qDDC 21$B106270$CPULBib$Z2$F106270 $HPUL98346 $81 941 1 $a9 996 $6020$a0-415-70082-5$9(OLS)http://pul/number/110699 996 $6245$aModern Hebrew :$ban essential grammar$9(OLS)http://pul/title/108856 996 $6260$aNew York :$bRoutledge$9(OLS)http://pul/publisher/70080 LEADER 01333nam a2200325 a 4500 001 000000157212 003 CaOOAMICUS 005 20161206171032.0 008 161206s2013 pl 000 u eng r 020 $a978-83-7886-006-8* 032 $aLibriCat 040 $aPUL$bita 082 14$a511 245 00$aLogic in theology /$cedited by Bartosz Brozek, Adam Olszewski, Mateusz Hohol. 260 $aKrakow :$bCopernicus Center Press,$c©2013. 300 $a308 p. ;$c25 cm. 504 $aBibliografia in nota a pič pagina. 650 4$aFilosofia della religione.$0(OLS)http://pul/subject/120 650 4$aLogica$xStudi.$0(OLS)http://pul/subject/35370 700 1 $aHohol, Mateusz.$0(OLS)http://pul/name/100285 700 1 $aBrozek, Bartosz.$0(OLS)http://pul/name/100283 700 1 $aOlszewski, Adam.$0(OLS)http://pul/name/100284 850 $aPUL 852 $aPUL$W1$xSL Cons. Gen., Altre Classi 3$y75$m511 BROBA 1$j180503$qDDC 21$B183623$CPULBib$Z2$F183623 $H128543 $81 941 1 $a9 996 $6020$a978-83-7886-006-8*$9(OLS)http://pul/number/161657 996 $6082$a511$9(OLS)http://pul/classification/3008 996 $6245$aLogic in theology$9(OLS)http://pul/title/196817 996 $6260$aKrakow :$bCopernicus Center Press$9(OLS)http://pul/publisher/85748